000 01234cam a2200265 4500
001 WB3928-07
008 030724n2003 000 0 eng u
035 _a(Sirsi) u123123
245 _aGuidance on local air quality reporting
260 _c2003
490 _aRICS Environment Faculty News
_v 24 July (1)
520 _aA consultation outlining draft guidance on local air quality reporting has been published by the Scottish Executive, DEFRA and the Welsh Assembly. The guidance will help local authorities prepare air quality progress reports as required under the local air quality management (LAQM) system that was introduced by the Environment Act 1995 and subsequent regulations. http://www.rics.org/ricscms/bin/show?class=News&template=/includes/shownews.html&id=6537&faculty=Environment&faculty=All Faculties
590 _aWB
650 _aAIR QUALITY
650 _aENVIRONMENT ACT 1995
650 _aSCOTTISH EXECUTIVE
650 _aWELSH ASSEMBLY
650 _aDEFRA
650 _aDRAFT GUIDANCE
650 _aLOCAL AIR QUALITY REPORTING
650 _aLOCAL AIR QUALITY MANAGEMENT
650 _aCONSULTATION PAPERS
690 _aENVIRONMENTAL AND LAND CONSULTANCY-ENVIRONMENTAL MANAGEMENT
942 _n0
999 _c73112
_d73112